| 000 | 00926akm a2200349a 44500 | ||
|---|---|---|---|
| 008 | 100420s2009 cat | ||
| 041 | _acat | ||
| 041 | _bspa | ||
| 080 | _a521(038) | ||
| 245 | _aLèxic de l'astronomia | ||
| 245 | _h[tríptic] | ||
| 260 | _a[Barcelona] | ||
| 260 | _a[València] | ||
| 260 | _bAcadèmia Valenciana de la Llengua | ||
| 260 | _bSEA | ||
| 260 | _c2009 | ||
| 300 |
_a1 tríptic. _bil. |
||
| 500 | _aCategoria gramatical | ||
| 520 | _aaprox. 100 | ||
| 591 | _a10192 | ||
| 592 | _aObra terminològica | ||
| 593 | _aCA | ||
| 594 | _a10192 | ||
| 650 |
_aastronomia _963152 |
||
| 856 | _uhttps://www.avl.gva.es/wp-content/uploads/2023/03/383-02_tripticastronomia.pdf | ||
| 901 | _c<2009> | ||
| 902 | _a100420 | ||
| 942 |
_cMO _n0 _2ddc |
||
| 999 |
_c65456 _d65456 |
||